Die Relativität der Grenzen : Studien zur Philosophie Wittgensteins /
المؤلف الرئيسي:
التنسيق: كتاب الكتروني
اللغة: English
منشور في:
Leiden; Boston :
BRILL,
2000.
سلاسل:
Brill Book Archive Part 1, ISBN: 9789004472495.
Studien zur Österreichischen Philosophie ;
29.
الموضوعات:
الوصول للمادة أونلاين: Login to view Source
الوسوم: إضافة وسم
رقم الطلب: B3376
| LEADER | 02708nam a22004698i 4500 | ||
|---|---|---|---|
| 001 | BRILL9789004458338 | ||
| 003 | nllekb | ||
| 005 | 20220414152843.0 | ||
| 006 | m d | ||
| 007 | cr un uuuua | ||
| 008 | 200716s2000 ne sb 001 0 eng d | ||
| 010 | |z 00435203 | ||
| 020 | |a 9789004458338 |q (electronic book) | ||
| 020 | |a 9789042014619 |q (print) | ||
| 024 | 7 | |a 10.1163/9789004458338 |2 DOI | |
| 035 | |z (OCoLC)44492417 | ||
| 040 | |a NL-LeKB |c NL-LeKB |e rda | ||
| 050 | 4 | |a B3376 | |
| 072 | 7 | |a HPCF |2 bicssc | |
| 072 | 7 | |a PHI |x 016000 |2 bisacsh | |
| 082 | 0 | 4 | |a 193 |2 23 |
| 100 | 1 | |a Neumer, Katalin |e author. | |
| 245 | 1 | 0 | |a Die Relativität der Grenzen : |b Studien zur Philosophie Wittgensteins / |c Katalin Neumer. |
| 246 | 3 | |a Studien zur Philosophie Wittgensteins | |
| 264 | 1 | |a Leiden; |a Boston : |b BRILL, |c 2000. | |
| 300 | |a 1 online resource. | ||
| 336 | |a text |b txt |2 rdacontent | ||
| 337 | |a computer |b c |2 rdamedia | ||
| 338 | |a online resource |2 rdacarrier | ||
| 490 | 1 | |a Brill Book Archive Part 1, ISBN: 9789004472495 | |
| 490 | 1 | |a Studien zur Österreichischen Philosophie ; |v 29 | |
| 504 | |a Includes bibliographical references and index. | ||
| 505 | 0 | |a Danksagung. Einleitung. I. Das wissende und wollende Subjekt im Tractatus . II. "Die gemeinsame menschliche Handlungsweise". Das Verstehen des anderen in Wittgenstein's Spätphilosophie . III. Das Rot, der Schmerz, der Leopard und die Sprache. Außersprachliche Gegenstände und die Grenzen des Relativismus im Spätwerk. IV. Schmerzen und Schmerzäußerungen als vorsprachliche Phänomene. Nachtrag zum Kapitel "Das Rot, der Schmerz, der Leopard und die Sprache". V. Bedeutungserlebnisse. Privatsprachenkritik und Gebrauchstheorie der Bedeutung im Licht der psychologischen Aufzeichnungen. VI. Bedeutungserlebnisse und das Verstehen eines anderen Menschen. VII. How to do things with letters? Sprechen und Schreiben in Wittgensteins Philosophie. VIII. Wittgensteins Buch - laut und lautlos gelesen. Mündlichkeit und Schriftlichkeit, auf eine andere Weise (Fortsetzung des Kapitels "How to do things with letters?") -- Literatur. Quellennachweis. | |
| 588 | |a Description based on print version record. | ||
| 650 | 0 | |a Philosophy. | |
| 776 | 0 | 8 | |i Print version: |t Die Relativität der Grenzen : Studien zur Philosophie Wittgensteins. |d Leiden ; Boston : BRILL, 2000 |z 9789042014619 |
| 830 | 0 | |a Brill Book Archive Part 1, ISBN: 9789004472495. | |
| 830 | 0 | |a Studien zur Österreichischen Philosophie ; |v 29. | |
| 856 | 4 | |z DOI: |u http://dx.doi.org/10.1163/9789004458338 | |
| 942 | |2 lcc |c EBOOK | ||
| 952 | |0 0 |1 0 |2 lcc |4 0 |7 1 |9 39791 |a BRILL |b BRILL |d 2022-04-14 |l 0 |r 2022-04-14 00:00:00 |w 2022-04-14 |y EBOOK | ||
| 999 | |c 47244 |d 47244 | ||
